[Event "NED-ch U16 Girls"]
[Site "Almelo"]
[Date "2023.05.04"]
[Round "5"]
[White "Zahirna, Iryna"]
[Black "Ganeshram, Nirupa"]
[Result "0-1"]
[WhiteElo "1594"]
[BlackElo "1629"]
[PlyCount "124"]
[EventDate "2023.04.30"]
[EventType "swiss"]
[EventRounds "7"]
[EventCountry "NED"]
[SourceTitle "CBM 214 Extra"]
[Source "ChessBase"]
[SourceDate "2023.07.31"]
[SourceVersion "1"]
[SourceVersionDate "2023.07.31"]
[SourceQuality "1"]

1. c4 e5 2. g3 Nf6 3. Bg2 Nc6 4. Nc3 Bc5 5. e3 0-0 6. Nge2 Re8 7. 0-0 e4 8. Qc2 Qe7 9. Nf4 Nb4 10. Qb1 c6 11. a3 Na6 12. b4 Bb6 13. c5 Bc7 14. d3 exd3 15. Qxd3 d6 16. cxd6 Bxd6 17. Bb2 Be6 18. Bxc6 Nxb4 19. axb4 bxc6 20. Nxe6 Qxe6 21. Qd4 Qh3 22. Qh4 Qxh4 23. gxh4 Bxb4 24. Rfd1 a5 25. Ne2 Red8 26. Rdc1 c5 27. Ba3 Rdb8 28. Nf4 Ne4 29. Nd3 Bxa3 30. Rxa3 Rc8 31. f3 Nd2 32. Kf2 c4 33. Nb2 Rab8 34. Ra2 Nb3 35. Rc2 Rb4 36. Nd3 Rbb8 37. Nc1 Nxc1 38. Rxc1 Ra8 39. Rac2 a4 40. Rxc4 Rxc4 41. Rxc4 a3 42. Rc1 a2 43. Ra1 Kf8 44. Ke2 Ke7 45. Kd2 Kf6 46. e4 Ke5 47. Ke3 Ra3+ 48. Ke2 Kf4 49. Kd2 Kxf3 50. Kc2 Kxe4 51. Kb2 Ra6 52. h5 h6 53. Re1+ Kd3 54. Ka1 Ra7 55. h4 f5 56. Rd1+ Ke2 57. Rc1 f4 58. Rc2+ Kf3 59. Rc1 Kg3 60. Rg1+ Kf2 61. Rc1 f3 62. Rc3 Kg2 0-1